[Event "Niedersachsen-ch"]
[Site "Verden"]
[Date "2016.01.03"]
[Round "2"]
[White "Ploog, Martin"]
[Black "Kewe, Stefan"]
[Result "1-0"]
[WhiteElo "2109"]
[BlackElo "1906"]
[PlyCount "95"]
[EventDate "2016.01.03"]
[EventType "swiss"]
[EventRounds "7"]
[EventCountry "GER"]
[SourceTitle "EXT 2018"]
[Source "ChessBase"]
[SourceDate "2017.10.13"]
[SourceVersion "1"]
[SourceVersionDate "2017.10.13"]
[SourceQuality "1"]

1. c4 e5 2. Nc3 Nc6 3. Nf3 f5 4. d4 e4 5. Ng5 Nf6 6. e3 Be7 7. h4 Ng4 8. Ngxe4 Bxh4 9. g3 Be7 10. Be2 d6 11. Nd5 h5 12. Nec3 Bg5 13. f3 Nf6 14. f4 Bh6 15. Nxf6+ Qxf6 16. Nd5 Qd8 17. Bxh5+ Kf8 18. Bd2 Ne7 19. Bf3 c6 20. Nxe7 Qxe7 21. Qb3 Be6 22. d5 cxd5 23. cxd5 Bf7 24. Qd3 g6 25. Bc3 Rh7 26. Kf2 Bg8 27. Rac1 Bg7 28. Rxh7 Bxh7 29. Bxg7+ Qxg7 30. Qc3 Qxc3 31. Rxc3 Re8 32. Ke2 Bg8 33. Kd3 Bf7 34. Kd4 Re7 35. a4 Be8 36. a5 Rh7 37. e4 Rh3 38. e5 Rxg3 39. exd6 Bd7 40. Ke3 Ke8 41. Rc7 Kd8 42. Rxb7 a6 43. Kf2 Rh3 44. Kg2 Rh8 45. Be2 Bc8 46. Rb8 Rh4 47. Bxa6 Rxf4 48. Bxc8 1-0

[Event "Hamburg St Pauli op-A"]
[Site "Hamburg"]
[Date "2015.07.22"]
[Round "6"]
[White "Ditmas, Hugh"]
[Black "Ploog, Martin"]
[Result "1/2-1/2"]
[WhiteElo "1872"]
[BlackElo "2155"]
[PlyCount "84"]
[EventDate "2015.07.18"]
[EventType "swiss"]
[EventRounds "9"]
[EventCountry "GER"]
[SourceTitle "EXT 2016"]
[Source "ChessBase"]
[SourceDate "2015.10.08"]
[SourceVersion "1"]
[SourceVersionDate "2015.10.08"]
[SourceQuality "1"]

1. d4 d5 2. c4 c6 3. Nf3 Nf6 4. Nc3 e6 5. Bg5 h6 6. Bh4 dxc4 7. e3 b5 8. Be2 Bb7 9. 0-0 Nbd7 10. a4 a6 11. Qc2 Be7 12. e4 0-0 13. Rad1 Nh5 14. Bxe7 Qxe7 15. Rfe1 Rad8 16. d5 e5 17. g3 Ndf6 18. axb5 axb5 19. Bf1 Rfe8 20. Bg2 Qc5 21. Nh4 g6 22. Qd2 Kg7 23. Qe3 Qxe3 24. Rxe3 b4 25. Na2 cxd5 26. exd5 Bxd5 27. Nxb4 Bxg2 28. Rxd8 Rxd8 29. Kxg2 Rb8 30. Nc6 Rxb2 31. Nxe5 Nd5 32. Rf3 c3 33. Rxf7+ Kg8 34. Nhxg6 c2 35. Rf8+ Kg7 36. Rf7+ Kg8 37. Rf8+ Kh7 38. Rc8 Nb4 39. Rc7+ Ng7 40. Nf4 Kg8 41. Rc8+ Kh7 42. Rc7 Kg8 1/2-1/2

[Event "Hamburg St Pauli op-A"]
[Site "Hamburg"]
[Date "2015.07.20"]
[Round "4"]
[White "Lemstra, Bart"]
[Black "Ploog, Martin"]
[Result "1-0"]
[WhiteElo "1923"]
[BlackElo "2155"]
[PlyCount "117"]
[EventDate "2015.07.18"]
[EventType "swiss"]
[EventRounds "9"]
[EventCountry "GER"]
[SourceTitle "EXT 2016"]
[Source "ChessBase"]
[SourceDate "2015.10.08"]
[SourceVersion "1"]
[SourceVersionDate "2015.10.08"]
[SourceQuality "1"]

1. d4 d5 2. c4 e6 3. Nc3 c6 4. e3 Nf6 5. Nf3 Nbd7 6. b3 Bb4 7. Qc2 Ne4 8. Bd2 Nxd2 9. Nxd2 0-0 10. Nf3 Qa5 11. Rc1 e5 12. dxe5 dxc4 13. Bxc4 Nxe5 14. Nxe5 Qxe5 15. 0-0 Bd6 16. g3 Bh3 17. Rfd1 Rad8 18. Bf1 Be6 19. Bg2 Ba3 20. Rxd8 Rxd8 21. Rd1 Rxd1+ 22. Nxd1 g6 23. h4 Qd6 24. Nc3 Bb4 25. Ne4 Qe7 26. Qb2 f5 27. Ng5 Bd7 28. Qd4 h6 29. Nf3 Bc5 30. Qc3 Kh7 31. Ne5 Be8 32. Nd3 Bd6 33. Qd4 a5 34. Bf3 c5 35. Qc3 b6 36. Bd5 Bf7 37. Bxf7 Qxf7 38. Nb2 Qg7 39. Qd2 Qc7 40. Nc4 Bf8 41. a4 Bg7 42. Qd5 Bf6 43. h5 gxh5 44. Qxf5+ Kg7 45. Qxh5 Qd7 46. Nxb6 Qd3 47. Qg4+ Kf8 48. Qc8+ Kg7 49. Qd7+ Qxd7 50. Nxd7 Be7 51. Kg2 Bd6 52. g4 Kf7 53. f4 Ke6 54. Nb6 Bc7 55. Nc4 Kd5 56. Kf3 Bd8 57. Nd2 Bf6 58. Ke2 Bd8 59. Kd3 1-0

[Event "Niedersachsen-ch op-A"]
[Site "Verden"]
[Date "2015.01.05"]
[Round "7"]
[White "Ploog, Martin"]
[Black "Lai Hop, Duong"]
[Result "1-0"]
[WhiteElo "2138"]
[BlackElo "2152"]
[PlyCount "79"]
[EventDate "2015.01.02"]
[EventType "swiss"]
[EventRounds "7"]
[EventCountry "GER"]
[SourceTitle "EXT 2018"]
[Source "ChessBase"]
[SourceDate "2017.10.13"]
[SourceVersion "1"]
[SourceVersionDate "2017.10.13"]
[SourceQuality "1"]

1. Nf3 d5 2. c4 c6 3. e3 Nf6 4. Nc3 g6 5. b3 Bg7 6. Bb2 0-0 7. Be2 Re8 8. d4 Bg4 9. Ne5 Bxe2 10. Qxe2 Nbd7 11. 0-0 e6 12. Rfd1 Qc7 13. Nxd7 Qxd7 14. b4 dxc4 15. Qxc4 Nd5 16. Ne4 Rec8 17. Nc5 Qe7 18. Nd3 Qh4 19. Rac1 Bf8 20. g3 Qg5 21. e4 Nb6 22. Qc2 Qb5 23. Ba1 Bg7 24. Nc5 Rc7 25. a4 Qxb4 26. Rb1 Qc4 27. Qd2 Nxa4 28. Rb4 Nb6 29. Rxc4 Nxc4 30. Qa2 Nd6 31. e5 Nb5 32. Ne4 Rd8 33. f4 a6 34. h4 Rd5 35. h5 c5 36. h6 Bh8 37. Rc1 cxd4 38. Rxc7 Nxc7 39. Qc4 Rd7 40. Bxd4 1-0